Najdroższe transfery Manchesteru United w historii. - Statystyki

Ogólne statystyki
  • Ten quiz został rozwiązany 243 razy
  • Średni wynik to 9 z 10
Statystyki odpowiedzi
Sezon Cena Kraj Poprzedni klub Piłkarz % Poprawnych
16/17 105 mln Francja Juventus Pogba
99%
21/22 85 mln Anglia Borussia Dortmund Sancho
97%
19/20 87 mln Anglia Leicester Maguire
93%
14/15 75 mln Argentyna Real Madryt Di Maria
92%
17/18 85 mln Belgia Everton Lukaku
90%
19/20 63 mln Portugalia Sporting Fernandes
88%
18/19 59 mln Brazylia Szachtar Donieck Fred
84%
15/16 60 mln Francja Monaco Martial
79%
19/20 55 mln Anglia Crystal Palace Wan-Bissaka
73%
02/03 46 mln Anglia Leeds Ferdinand
56%
Nie znaleziono quizów pasujących do podanych kryteriów
Rozkład punktacji
Procent ludzi z każdym wynikiem
Percentyl według liczby udzielonych odpowiedzi
Twoja historia wyników
Nie rozwiązałeś tego quizu